000 01106nam a2200217Ia 4500
003 Ost
005 20260416102401.0
008 260416s9999||||xx |||||||||||||| ||und||
040 _cfsecg
041 _aara
082 _a330
100 _aمسرحد،بلال
_eمؤلف
245 0 _aمدخل للاقتصاد :
_bمطبوعة تتضمن دروس موجهة لطلبة السنة الأولى ليسانس- جذع مشترك- /
_cبلال مسرحد
260 _aالجزائر
_bجامعة الجزائر3: كلية العلوم الإقتصادية، العلوم التجارية وعلوم التسيير
_c2022
300 _a115 ورقة
_bايضاحات
_c12 سم
504 _aمراجع ص.113
520 _aمبادئ ومفاهيم علم الاقتصاد،الأنظمة الاقتصادية،مبادئ الاقتصاد الجزئي،مبادئ الاقتصاد الكلي
653 _aالاقتصاد
710 _aجامعة الجزائر3: كلية العلوم الإقتصادية، العلوم التجارية وعلوم التسيير
_eناشر علمي
942 _cHANDOUT
999 _c41434
_d41434